Podzemné klenoty Demänovskej doliny

Bibliographic Details
Main Author: Sásik, Tibor (Author)
Format: Article
Language:Slovak
PhysicalDescription:Obr. 6.
Subjects:

MARC

LEADER 00000nab a2200000 a 4500
001 vtls000040102
003 SK-MaSNL
005 20260304072526.0
008 250423c1979 xo 0 slo
015 |a SNBRB19rr/mm-uuuuu 
035 |a CL0050197 
035 |a urn:nbn:sk:snk-ab2ddf 
035 |a (urnnbn)urn:nbn:sk:snk:ar-a0278f 
035 |a (uuid)256abbca-f2f8-4cf3-a1a4-11e357f0537a 
040 |a SNKBUCL  |b slo  |c SNKBUCL  |e AACR2 
041 0 |a slo 
044 |a xo  |c SK 
080 |a 551.4  |2 1981 
080 |a 551.3  |2 1981 
080 |a 551.44  |2 2001 
080 |a 551.435.84  |2 2001 
100 1 |a Sásik, Tibor  |4 aut  |9 5154 
245 1 0 |a Podzemné klenoty Demänovskej doliny  |c Tibor Sásik 
300 |b Obr. 6. 
650 0 7 |a jaskyne  |2 snkbucl  |9 20772 
650 0 7 |a speleológia  |2 SNKPH  |9 17878 
650 0 7 |a krasové útvary  |2 SNKPH  |9 67575 
651 7 |a Demänovská jaskyňa Slobody (Slovensko)  |2 snkbucl  |9 66602 
651 7 |a Demänovská ľadová jaskyňa (Slovensko)  |2 snkbucl  |9 17930 
655 7 |a články z novín a časopisov  |2 snkbucl  |9 267496 
773 0 |t Krásy Slovenska  |g Roč. 56, č. 10 (1979), s. 456-457 
850 |a Slovenská národná knižnica 
852 |a Slovenská národná knižnica 
954 |a odborná, vedecká literatúra pôvodná (slovenská)  |2 lita 
957 |a 5304 
958 |a article27 
958 |a OND 
958 |a RK 
958 |a EUIPO 
992 |a RBX 
999 |c 2766913  |d 2768843